000 00503nam a22001697a 4500
003 OSt
005 20140311163156.0
008 140226t xxu||||| |||| 00| 0 eng d
020 _a9789812740649
050 _aQA 253.67
_b.C539b 2012
100 _aChew, Terry
_930665
245 _aMaths Olympiad :
_bBeginner (Pr. 3 & 4, 9-10 yes. old) /
_cTerry Chew.
260 _aSingapore :
_bSingapore Asian Publisher,
_c2012.
300 _a287 p. :
_bill. ;
_c18 cm.
942 _2lcc
_cBK-TR
999 _c42392
_d42392